000
00240nam a2200097Ia 4500
008
240625s9999 xx 000 0 und d
041
_a
eng
082
_a
808.20 SIN
100
_a
SINGH VARUN
245
_a
REPORT ON CREDIT APPRAISAL OF INDUSTRIAL
999
_c
36669
_d
36669